Statistiche per Quiz Cultura Generale - Quiz n°34

Clicka qui per fare il quiz!

Statistiche generali

  • Questo quiz è stato fatto 71 volte
  • Il punteggio medio è 8 su 15

Statistiche sulle risposte

DomandaRisposta% Corretto
Quanti incisivi ci sono in un'arcata dentaria?4
96%
Qual è il primo mese dell'anno in ordine alfabetico?Agosto
86%
Son Goku è protagonista di quale famoso manga?Dragon Ball
86%
Chi è stato Presidente della Repubblica Italiana prima di Sergio Mattarella?Giorgio Napolitano
84%
Quale tempo verbale è "Io avevo visto"?Trapassato prossimo
71%
Nei Promessi Sposi, come sono chiamati i due fedeli di Don Rodrigo che proibiscono di celebrare le nozze a Don Abbondio?I Bravi
68%
Chi ha scolpito la "Pietà vaticana"?Michelangelo Buonarroti
50%
L'Arcivescovo di quale diocesi è il capo spirituale della Chiesa Anglicana?Arcivescovo di Canterbury
48%
Quale vitamina è anche nota come Retinolo?Vitamina A
48%
Cosa è un'Ontano?Albero
41%
Contro chi combatté la Prussia tra il 1870 ed il 1871?Francia
39%
Che tipo di animale è un "Astore"?Uccello rapace
30%
Come si chiama la Superchicca dai capelli neri?Molly
25%
Chi ha scritto "Il Gattopardo"?Giuseppe Tomasi di Lampedusa
20%
In quale quartiere di Roma si trovano gli studi della Rai?Saxa Rubra
16%

Distribuzione punteggi

Percentile per numero di risposta

Percentuale di utenti per punteggio

I tuoi punteggi nel tempo

Non hai fatto questo quiz